=LDR 00000nam 2200000 4500 =001 INLIS000000000034330 =005 20240814010317 =035 ##$$a 0010-061300000034330 =008 240814################a##########0#ind## =041 ##$$a ind =082 ##$$a 028.5 =090 ##$$a 028.5, Mua a =100 ##$$a MUAKHIR, Ali =245 1#$$a Ayo kita salat : $b Let's go salat /$c Ali Muakljhir ; penejemah, Noviana Abdu ; editor, Tim GB =260 ##$$a Solo :$b Tiga Serangkai,$c 2008 =300 ##$$a 23 hlm : $b ilus ; $c 18 cm =650 #4$$a Bacaan Anak Muslim =700 #$$a Abdu, Noviana =850 ##$$a NBPNMAT =084 ##$$a 028.5 MUA a =020 ##$$a 978-979-018-747-4 =250 ##$$a cet. I =990 ##$$a 21400613/BPAP-NTB/20142014 =990 ##$$a 21010928142014